<?xml version="1.0" encoding="UTF-8"?>
<collection xmlns="http://www.loc.gov/MARC21/slim">
 <record>
  <leader>00543cam a2200157 7i4500</leader>
  <controlfield tag="001">0000027740</controlfield>
  <controlfield tag="005">20100707090000.0</controlfield>
  <controlfield tag="008">100707s1928    my                  eng   </controlfield>
  <datafield tag="090" ind1="0" ind2="0">
   <subfield code="a">QK 494 </subfield>
   <subfield code="b">.W3 1928</subfield>
  </datafield>
  <datafield tag="100" ind1="1" ind2="#">
   <subfield code="a">Watson, J. G. </subfield>
  </datafield>
  <datafield tag="245" ind1="1" ind2="0">
   <subfield code="a">Mangrove forests of the Malay Peninsula  </subfield>
   <subfield code="c">by J. G. Watson.</subfield>
  </datafield>
  <datafield tag="260" ind1="#" ind2="#">
   <subfield code="a">Kuala Lumpur: </subfield>
   <subfield code="b">Conservator of Forests, </subfield>
   <subfield code="c">1928.</subfield>
  </datafield>
  <datafield tag="300" ind1="#" ind2="#">
   <subfield code="a">275 p.: </subfield>
   <subfield code="b">ill.; </subfield>
   <subfield code="c">26 cm..</subfield>
  </datafield>
  <datafield tag="490" ind1="0" ind2="0">
   <subfield code="a">Malayan Forest Records; </subfield>
   <subfield code="v">no.6</subfield>
  </datafield>
  <datafield tag="650" ind1="0" ind2="0">
   <subfield code="a">Mangrove forests -- </subfield>
   <subfield code="x">Malay Peninsula </subfield>
  </datafield>
  <datafield tag="999" ind1=" " ind2=" ">
   <subfield code="a">1000388370</subfield>
   <subfield code="b">Book</subfield>
   <subfield code="c">Open Shelf</subfield>
   <subfield code="e">KOLEKSI TERBUKA</subfield>
  </datafield>
 </record>
</collection>
